Find the Hidden Objects Quiz Stats

 Plays Quiz Updated May 12, 2016

Challenge
Share
Tweet
Score 0/10 Timer 03:00
0 Plays Today
% Correct
Bicycle
97.5%
Nelson Mandela
97.4%
Panda
97%
Keyboard
94.7%
Headphones
94.2%
Red vase
93.9%
Easel
92.9%
3:06
81%
Palm tree
62.2%
Tie
50.8%

You're not logged in!

Compare scores with friends on all Sporcle quizzes.
Join for Free
OR
Log In

You Might Also Like...

Show Comments

Extras

Top Quizzes Today


Score Distribution

Your Account Isn't Verified!

In order to create a playlist on Sporcle, you need to verify the email address you used during registration. Go to your Sporcle Settings to finish the process.

Report this User

Report this user for behavior that violates our Community Guidelines.

Details: